书目信息 |
| 题名: |
管弦乐队器法
|
|
| 作者: | 施詠康 编著 | |
| 分册: | ||
| 出版信息: | 北京 人民音乐出版社 1987 |
|
| 页数: | 269页 | |
| 开本: | 26cm | |
| 丛书名: | 作曲技术理论丛书 | |
| 单 册: | ||
| 中图分类: | J614.4 | |
| 科图分类: | ||
| 主题词: | 管弦乐法 , 音乐--技术--方法 | |
| 电子资源: | ||
| ISBN: | 7-103-00514-1 | |
| 000 | 00646nam0 2200229 45 | |
| 001 | 0206111412 | |
| 005 | 20031219104056.5 | |
| 010 | @a7-103-00514-1@dCNY23.80 | |
| 100 | @a20020611d1987 km y0chiy0120 ea | |
| 101 | 0 | @achi |
| 105 | @a z 000yy | |
| 200 | 1 | @a管弦乐队器法@AGuan Xian Yue Dui Qi Fa@f施詠康编著@FShi Yong Kang Bian Zhu |
| 210 | @a北京@c人民音乐出版社@d1987 | |
| 215 | @a269页@d26cm | |
| 225 | @a作曲技术理论丛书 | |
| 410 | @12001 @a作曲技术理论丛书 | |
| 606 | 0 | @a管弦乐法 |
| 606 | 0 | @a音乐@x技术@x方法 |
| 690 | @aJ614.4@v4 | |
| 701 | 0 | @a施詠康@4编著 |
| 801 | @aCN@bTSTC@c20020611 | |
| 905 | @b311815-821@dJ614.4@e201@f7 | |
| 管弦乐队器法/施詠康编著.-北京:人民音乐出版社,1987 |
| 269页;26cm.-(作曲技术理论丛书) |
| ISBN 7-103-00514-1:CNY23.80 |
| ● |
| 相关链接 |
|
|
|
|
正题名:管弦乐队器法
索取号:J614.4/201
 
预约/预借
| 序号 | 登录号 | 条形码 | 馆藏地/架位号 | 状态 | 备注 |
| 1 | 0311815 | 203118152 | 第一借阅区/ [索取号:J614.4/201] | 在馆 | |
| 2 | 0311816 | 203118161 | 第一借阅区/ [索取号:J614.4/201] | 在馆 | |
| 3 | 0311817 | 203118170 | 第一借阅区/ [索取号:J614.4/201] | 在馆 | |
| 4 | 0311818 | 203118189 | 第一借阅区/ [索取号:J614.4/201] | 在馆 | |
| 5 | 0311819 | 203118198 | 第一借阅区/ [索取号:J614.4/201] | 在馆 | |
| 6 | 0311820 | 203118205 | 第一借阅区/ [索取号:J614.4/201] | 在馆 | |
| 7 | 0311821 | 203118214 | 第一样本阅览室/ [索取号:J614.4/201] | 在馆 |